[Event "Kiev Spring op"]
[Site "Kiev"]
[Date "2021.07.17"]
[Round "9"]
[White "Bezeyko, Alexander"]
[Black "Oyberman, Mikhail"]
[Result "1/2-1/2"]
[WhiteElo "1665"]
[BlackElo "1431"]
[PlyCount "78"]
[EventDate "2021.07.10"]
[EventType "swiss"]
[EventRounds "9"]
[EventCountry "UKR"]
[SourceTitle "EXT 2024"]
[Source "ChessBase"]
[SourceDate "2023.10.10"]
[SourceVersion "1"]
[SourceVersionDate "2023.10.10"]
[SourceQuality "1"]

1. Nf3 d5 2. c4 d4 3. b4 f6 4. Bb2 e5 5. c5 Be6 6. d3 c6 7. g3 Ne7 8. Bg2 Nd5 9. a3 Be7 10. 0-0 0-0 11. Qd2 a5 12. e3 dxe3 13. fxe3 axb4 14. axb4 Rxa1 15. Bxa1 Na6 16. Bc3 Nxc3 17. Qxc3 Nc7 18. Na3 Nd5 19. Qd2 b5 20. Nc2 Qd7 21. Ra1 Rd8 22. d4 e4 23. Nfe1 f5 24. Ra3 Qb7 25. Qf2 Ra8 26. Rxa8+ Qxa8 27. g4 Qc8 28. gxf5 Bxf5 29. Qg3 Qc7 30. Qf2 Qc8 31. Bh1 g6 32. Ng2 Bg5 33. Qg3 Qd8 34. Qe1 Qa8 35. Qg3 Qd8 36. h4 Bh6 37. Qe5 Bg7 38. Qg3 Bh6 39. Nge1 Qc7 1/2-1/2

[Event "Kiev Spring op"]
[Site "Kiev"]
[Date "2021.07.13"]
[Round "5"]
[White "Bezeyko, Alexander"]
[Black "Mamedov, Ruslan"]
[Result "0-1"]
[WhiteElo "1665"]
[BlackElo "2224"]
[PlyCount "140"]
[EventDate "2021.07.10"]
[EventType "swiss"]
[EventRounds "9"]
[EventCountry "UKR"]
[SourceTitle "EXT 2024"]
[Source "ChessBase"]
[SourceDate "2023.10.10"]
[SourceVersion "1"]
[SourceVersionDate "2023.10.10"]
[SourceQuality "1"]

1. Nf3 Nf6 2. c4 e6 3. g3 d5 4. Bg2 Be7 5. b3 0-0 6. 0-0 b6 7. Bb2 c5 8. e3 Ba6 9. d3 Nc6 10. Qe2 Rc8 11. Nc3 Qd7 12. Rfd1 Rfd8 13. Rd2 Bb7 14. Rad1 h6 15. Nb1 a6 16. e4 d4 17. Ne1 e5 18. f4 Ra8 19. Bc1 Qc7 20. f5 b5 21. h4 Nh7 22. Qf2 b4 23. g4 a5 24. Rb2 Rd6 25. Qg3 f6 26. Nf3 a4 27. g5 hxg5 28. hxg5 fxg5 29. Nxg5 Nxg5 30. Bxg5 Bxg5 31. Qxg5 axb3 32. axb3 Ra1 33. Rf1 Qe7 34. Qg3 Rh6 35. Nd2 Ra8 36. Nf3 Qf6 37. Bh3 Kf7 38. Ng5+ Ke7 39. Rg2 Rah8 40. Ne6 Rxh3 41. Qxg7+ Qxg7 42. Rxg7+ Kd6 43. Ng5 Rh1+ 44. Kg2 R8h2+ 45. Kg3 Rxf1 46. Kxh2 Nd8 47. Kg2 Rxf5 48. Rg6+ Ke7 49. Nf3 Rh5 50. Rg7+ Nf7 51. Rg6 Rh6 52. Rg8 Bc6 53. Rc8 Kd6 54. Rf8 Rg6+ 55. Kf2 Rf6 56. Kg2 Bd7 57. Ra8 Bc6 58. Rf8 Rf4 59. Rg8 Bd7 60. Kg3 Rf6 61. Ra8 Rg6+ 62. Kf2 Rh6 63. Kg2 Rh8 64. Ra7 Nd8 65. Ra1 Ne6 66. Ne1 Nf4+ 67. Kf2 Rh2+ 68. Kg1 Rb2 69. Nf3 Rxb3 70. Ng5 Nh3+ 0-1

[Event "Kiev Spring op"]
[Site "Kiev"]
[Date "2021.07.10"]
[Round "1"]
[White "Bezeyko, Alexander"]
[Black "Zubarev, Alexander2222"]
[Result "0-1"]
[WhiteElo "1665"]
[BlackElo "2431"]
[PlyCount "98"]
[EventDate "2021.07.10"]
[EventType "swiss"]
[EventRounds "9"]
[EventCountry "UKR"]
[SourceTitle "CBM 203 Extra"]
[Source "ChessBase"]
[SourceDate "2021.09.30"]
[SourceVersion "1"]
[SourceVersionDate "2021.09.30"]
[SourceQuality "1"]

1. Nf3 c5 2. c4 Nc6 3. b3 e5 4. d3 g6 5. Bb2 Bg7 6. g3 Nge7 7. Bg2 0-0 8. Nc3 d5 9. cxd5 Nxd5 10. Nxd5 Qxd5 11. 0-0 Qd7 12. Qc2 Qe7 13. Rac1 Re8 14. Ba3 b6 15. e3 Bf5 16. Nd2 Rac8 17. Ne4 Qd7 18. Rfd1 Red8 19. Qe2 h6 20. h4 Be6 21. Bb2 Nb4 22. Ra1 f5 23. Nc3 Nxd3 24. Bb7 Qxb7 25. Rxd3 e4 26. Rd2 Rxd2 27. Qxd2 Qd7 28. Qxd7 Bxd7 29. Nd5 Bxb2 30. Rb1 Be5 31. Ne7+ Kf7 32. Nxc8 Bxc8 33. Rd1 Ke7 34. Kg2 Ba6 35. f4 exf3+ 36. Kxf3 Bb7+ 37. Kf2 b5 38. Rg1 h5 39. Rc1 Kd6 40. Rd1+ Bd5 41. a4 bxa4 42. bxa4 c4 43. Ke2 Kc5 44. Kd2 c3+ 45. Kc2 Be4+ 46. Kc1 Bxg3 47. Rd8 Bf2 48. Rc8+ Kb4 49. Rb8+ Kxa4 0-1